複数の自治体にまたがる島 - Statistics

General Stats
  • This quiz has been taken 642 times
  • The average score is 7 of 13
Answer Stats
面積 島名 % Correct
592.44 淡路島
89%
182.08 利尻島
79%
443.67 種子島
76%
3166.64 択捉島
75%
1489.27 国後島
73%
153.22 小豆島
73%
712.41 大島
51%
247.85 徳之島
49%
93.65 沖永良部島
41%
574.95 下島
32%
225.85 上島
29%
2.63 井島
29%
4.84 中島
4%
No matching quizzes found
Score Distribution
Percent of People with Each Score
Percentile by Number Answered
Your Score History
You have not taken this quiz